00660nam a2200193Ia 4500003000900000008004100009040001600050080001700066100002000083245013500103260004000238300001500278490007300293650002300366650001900389650002300408650001500431700002000446IN-BaIIA211028s9999 xx 000 0 eng d cIIA Library a519.245bSPA aSpanier, Jerome 0aMonte Carlo principles and neutron transport problemscJerome Spanier and Ely M. Gelbard  aMassachusettsbAddison-Wesleyc1969 axiv, 234p. aAddison-Wesley Series in Computer Science and Information Processing aMonte Carlo Method aNASA Thesaurus aStastical Analysts aStatistics aGelbard, Ely M.